Πέντε Χώρες με τον Μεγαλύτερο Χριστιανικό Πληθυσμό άνα Ήπειρο - Statistics

General Stats
  • This quiz has been taken 36 times
  • The average score is 20 of 30
Answer Stats
Πληθυσμός Χώρα % Correct
21 m Καναδάς
94%
21 m Ρωσία Ασιατικό Κομμάτι
94%
69 m Ρωσία Ευρωπαϊκό Κομμάτι
94%
99 m Αιθιοπία
88%
49 m Ιταλία
88%
241 m Ηνωμένες Πολιτείες
88%
12 m Αυστραλία
88%
1,9 m Νέα Ζηλανδία
88%
191 m Βραζιλία
84%
46 m Γερμανία
81%
35 m Αργεντινή
81%
40 m Γαλλία
78%
116 m Μεξικό
75%
55 m Νότια Αφρική
72%
32 m Περού
72%
25 m Βενεζουέλα
69%
49 m Κολομβία
66%
101 m Λαϊκή Δημοκρατία του Κονγκό
63%
33 m Ινδία
63%
36 m Πολωνία
63%
43 m Κίνα
59%
107 m Νιγηρία
56%
0,60 m Φίτζι
53%
99 m Φιλιππίνες
50%
30 m Ινδονησία
47%
48 m Κένυα
41%
10 m Παπούα Νέα Γουινέα
41%
16 m Γουατεμάλα
38%
0,80 m Νήσοι Σολομώντα
22%
9,5 m Δομινικανή Δημοκρατία
19%
No matching quizzes found
Score Distribution
Percent of People with Each Score
Percentile by Number Answered
Your Score History
You have not taken this quiz